El Significado del Significado

Saved in:
Bibliographic Details
Main Author: Ogden, C.
Format: Book
Language:Undetermined
Published: Buenos Aires, Argentina Paidos 1954
Subjects:
Tags: Add Tag
No Tags, Be the first to tag this record!

MARC

LEADER 00000nam a2200000Ia 4500
008 170316s9999 xx 000 0 und d
090 |a 100 O-2s 
100 |a Ogden, C. 
245 |a El Significado del Significado 
260 |a Buenos Aires, Argentina 
260 |b Paidos 
260 |c 1954 
300 |a 372 páginas 
650 |a FILOSOFÍA 
650 |a ESTÉTICA 
999 |c 17201  |d 17201 
040 |a cru BVZT 
942 |c 15 D  |h 100 O-2s  |2 z